Effective of nutrient on the growth of wood ear at royal university of agriculture ឥទ្ធិពលនៃសារធាតុបន្ថែមទៅលើការដុះលូតលាស់របស់ផ្សិតត្រចៀកកណ្តុរ នៅសាកលវិទ្យាល័យភូមិន្ធកសិកម្ម (Record no. 1057)
[ view plain ]
| 000 -LEADER | |
|---|---|
| fixed length control field | 00711nam a22001577a 4500 |
| 003 - CONTROL NUMBER IDENTIFIER | |
| control field | OSt |
| 005 - DATE AND TIME OF LATEST TRANSACTION | |
| control field | 20150922135141.0 |
| 008 - FIXED-LENGTH DATA ELEMENTS--GENERAL INFORMATION | |
| fixed length control field | 150922b xxu||||| |||| 00| 0 eng d |
| 040 ## - CATALOGING SOURCE | |
| Transcribing agency | RUA |
| 082 ## - DEWEY DECIMAL CLASSIFICATION NUMBER | |
| Classification number | AGR CHA 2006 B034 Or.1 |
| 100 ## - MAIN ENTRY--PERSONAL NAME | |
| 9 (RLIN) | 1103 |
| Personal name | CHAN, PHIRUM. |
| 245 ## - TITLE STATEMENT | |
| Title | Effective of nutrient on the growth of wood ear at royal university of agriculture ឥទ្ធិពលនៃសារធាតុបន្ថែមទៅលើការដុះលូតលាស់របស់ផ្សិតត្រចៀកកណ្តុរ នៅសាកលវិទ្យាល័យភូមិន្ធកសិកម្ម |
| 260 ## - PUBLICATION, DISTRIBUTION, ETC. (IMPRINT) | |
| Place of publication, distribution, etc. | Phnom Penh |
| Name of publisher, distributor, etc. | RUA |
| Date of publication, distribution, etc. | 2006 |
| 300 ## - PHYSICAL DESCRIPTION | |
| Extent | 53p. |
| Other physical details | ill. |
| Dimensions | 29cm. |
| 942 ## - ADDED ENTRY ELEMENTS (KOHA) | |
| Source of classification or shelving scheme | |
| Koha item type | AGR |
| Price effective from | Date last seen | Permanent Location | Not for loan | Date acquired | Date last checked out | Source of classification or shelving scheme | Total Checkouts | Koha item type | Barcode | Lost status | Damaged status | Withdrawn status | Current Location | Full call number |
|---|---|---|---|---|---|---|---|---|---|---|---|---|---|---|
| 2015-09-22 | 2015-09-22 | Library Block B | 2015-09-22 | AGR | RUA008672 | Library Block B | AGR CHA 2006 B034 Or.1 | |||||||
| 2015-09-22 | 2016-07-25 | Library Block B | 2015-09-22 | 2016-03-15 | 1 | AGR | RUA002269 | Library Block B | AGR CHA 2006 B034 Or.2 | |||||
| 2015-09-22 | 2015-09-22 | Library Block B | 2015-09-22 | AGR | RUA002419 | Library Block B | AGR CHA 2006 B034 Or.3 | |||||||
| 2015-09-22 | 2016-11-21 | Library Block B | 2015-09-22 | 2016-10-24 | 1 | AGR | RUA002866 | Library Block B | AGR CHA 2006 B034 Or.4 | |||||
| 2015-09-22 | 2015-09-22 | Library Block B | 2015-09-22 | AGR | RUA002520 | Library Block B | AGR CHA 2006 B034 Or.5 | |||||||
| 2015-09-22 | 2015-09-22 | Library Block B | 2015-09-22 | AGR | RUA002420 | Library Block B | AGR CHA 2006 B034 Or.6 |